00822nam a2200193 a 4500003000200000005001700002008004100019050003000060100003500090245015000125260009100275300004000366504004100406650003500447650003700482650003300519650003500552650004100587020250516114106.0021128s19uu xx 00 eng d aPGS QP 144.W3b.Un54 2001 aUnciano, Veronica Alexandra G. aA preliminary survey on the perceived effects of alkali ion mineral water on the well-being of a selected group /cVeronica Alexandra G. Unciano. aLas Piñas City, Philippines : bSouthville International School and Colleges,c2001 a28 pages :billustrations ;c28 cm. aIncludes bibliographical references. aMineral watervHealth aspects. aAlkaline watervTherapeutic use. aWatervPhysiological effect. aIonized watervHealth aspects. aHealthvEffect of water consumption.